Sensors and transducers

Uloženo v:
Podrobná bibliografie
Hlavní autor: Ian R Sinclair
Médium: Kniha
Jazyk:Undetermined
Vydáno: Oxford Newnes 2001
Témata:
Tagy: Přidat tag
Žádné tagy, Buďte první, kdo otaguje tento záznam!
Thư viện lưu trữ: Trung tâm Học liệu Trường Đại học Cần Thơ
LEADER 00579nam a2200205Ia 4500
001 CTU_52124
008 210402s9999 xx 000 0 und d
020 |b 566000 
082 |a 621.381 
082 |b S616 
100 |a Ian R Sinclair 
245 0 |a Sensors and transducers 
245 0 |c Ian R Sinclair 
260 |a Oxford 
260 |b Newnes 
260 |c 2001 
526 |a Anh văn chuyên môn - Cơ điện tử 
526 |b CN159 
650 |a electronic apparatus and appliance,sensors,transducers 
980 |a Trung tâm Học liệu Trường Đại học Cần Thơ